000 00656nam a22001937a 4500
003 OSt
005 20240905095431.0
008 240905b ||||| |||| 00| 0 eng d
040 _cAIMIT LIBRARY
100 _aPrathwil.
_e2216143
_9178741
245 _aComparative study on risk and return analysis on the selected sensex stocks /
_cBy Prathwil ; Guided by Steevan Dsouza N.
260 _aMangalore ;
_c2024.
650 _aLiterature review
_9178742
650 _aResearch methodology
_9178743
650 _aData analysis and interpretation
_9178744
700 _aDsouza N, Steevan.
_eGuide
_9178745
856 _3Navadurga Financials
942 _2ddc
_cPRO
999 _c231741
_d231741